Something beautiful for god: Mother Teresa of Calcutta (Record no. 32667)

MARC details
000 -LEADER
fixed length control field 00313nam a2200109Ia 4500
082 ## - DEWEY DECIMAL CLASSIFICATION NUMBER
Classification number 929A/Z(TER)
Item number MUG
100 ## - MAIN ENTRY--AUTHOR NAME
Personal name Muggeridge, Malcolm
245 #0 - TITLE STATEMENT
Title Something beautiful for god: Mother Teresa of Calcutta
260 ## - PUBLICATION, DISTRIBUTION, ETC. (IMPRINT)
Place of publication London
Name of publisher William Collins
Year of publication 1971
942 ## - ADDED ENTRY ELEMENTS (KOHA)
Koha item type Books
Holdings
Withdrawn status Lost status Damaged status Not for loan Home library Current library Date acquired Cost, normal purchase price Full call number Accession Number Koha item type
        RRII Library RRII Library 16/12/2021 1.00 929A/Z(TER) MUG 13172 Books